Quizzes
Events
Quiz Creation
Community
Videos
Private Events
Remove Ads
Sign In
Join for FREE
Feedback
Dark Mode
Quiz Categories
Sports
Geography
Music
Movies
Television
Just For Fun
Miscellaneous
History
Literature
Language
Science
Gaming
Entertainment
Religion
Holiday
For Kids
Quiz Lab
Recent
Popular Today
Quiz Kudos Today
Editor Picks
Curator Picks
Quizzes by...
Day
Popularity
Type
Ratings
Length
Year
Community
Subscriptions
Recent Discussions
Orange Saloon
Badges
Playlists
Quests
Create
Leaderboards
Showdown
Live 5
Trivia Bingo
Activity
Puzzle Library
Sporcle Events
Private Events
Virtual Trivia
Globe League
Become a Host
Pub Owners
SporcleCon
Opinionation
Our Games
Videos
Blog
Mobile Apps
Partnerships
Remove Ads and Go Orange
Feedback
Music
Pop Music
The Beatles
Song
Album
Lyrics
Bands
Singers
Artist
Clip
Rock
Rap
Classical
Billboard
Country Music
Kpop
Taylor Swift
Music
Pop Music
The Beatles
Song
Album
Lyrics
Bands
Singers
Artist
Clip
Rock
Rap
Classical
Billboard
Country Music
Kpop
Taylor Swift
Random Quiz
Search Sporcle
×
Quiz Lab
Quiz Lab
Music
Guessing Game
Select answers by clicking on text or image buttons
Select answers by clicking on text or image buttons
Clickable
Best Score? Go Orange.
Guess the Producer of these chart hit songs? Stats
Can you pick the Producer of these chart hit songs
By
downunder
8m
50 Questions
22 Plays
22 Plays
22 Plays
Comments
Comments
Give Quiz Kudos
Give Quiz Kudos
-
- Ratings
hide this ad
More Info
Forced Order
Answers have to be entered in order
Answers have to be entered in order
Replay
Link that replays current quiz
Next Quiz
Link to next quiz in quiz playlist
You Got
0%
They Got
Avg Score
34%
Avg Friend Score
Upgrade to see
Score Distribution
Jump to the score distribution portion of the page
Score
0/50
Timer
08:00
0
Plays Today
% Correct
Barry Gibb
63.6%
George Harrison & Jeff Lynne
50%
Phil Spector
50%
Stock, Aiken & Waterman
50%
Butch Vig
45.5%
Brian Holland & Lamont Dozier
45.5%
Paul McCartney
40.9%
Andrew Loog Oldham
40.9%
Tony Visconti
40.9%
Narada Michael Walden
40.9%
David Foster
40.9%
Mark Ronson
40.9%
Jimmy Jam & Terry Lewis
40.9%
Rick Rubin
40.9%
Phil Spector
36.4%
Rick James
36.4%
Jerry Wexler
36.4%
Steve Lillywhite
36.4%
Daniel Lanois & Brian Eno
36.4%
Brian Holland & Lamont Dozier
36.4%
Jimmy Jam & Terry Lewis
36.4%
Chas Chandler
36.4%
Lenny Kravitz
36.4%
Nile Rodgers
31.8%
Jim Steinman
31.8%
% Correct
Michael Jackson
31.8%
George Martin
31.8%
Quincy Jones
31.8%
Quincy Jones
31.8%
Michael Omartian
31.8%
Lionel Richie
31.8%
Paul A. Rothchild
31.8%
Linda Perry
31.8%
Giorgio Moroder
27.3%
Stevie Wonder
27.3%
Phil Collins
27.3%
Jim Steinman
27.3%
Nile Rodgers
27.3%
Giorgio Moroder
27.3%
Jeff Barry & Ellie Greenwich
27.3%
Michael Omartian
27.3%
Gamble & Huff
27.3%
Narada Michael Walden
27.3%
Andrew Lloyd Webber
22.7%
Smokey Robinson
22.7%
Mike Chapman
22.7%
Leiber & Stoller
22.7%
Arif Mardin
22.7%
Tom Dowd
22.7%
Arif Mardin
22.7%
Quiz Playlist
Details
Report
Send in Message
Add To Playlist
More Info:
Match the producer with the hit single.
Clickable:
Select answers by clicking on text or image buttons
Forced Order:
Answers have to be entered in order
Last Updated: Feb 16, 2017
Quiz Scoreboard
CHALLENGE
Sign Up to Join the Scoreboard
Show All
Scores
Hide
Comments
May contain spoilers
Recently Published
College Basketball Coaching Resumes
by pancakes188
Sports
9m
Billboard Blitz: Fleetwood Mac
by CooCooCachoo
Music
15s
Presidents Visiting Landmarks
by Hejman
History
7m
More to Explore
Quiz From the Vault
Featured Blog Post
Where Did the Easter Bunny Come From?
hide this ad
You Might Also Like...
Tags
Chart Hits
Guessing Game
hit
Producer
Today's Top Quizzes in Music
Browse Music
hide this ad
Today's Top Quizzes in Guessing Game
Browse Guessing Game
Top Contributed Quizzes in Music
1
Taylor Swift All Songs (2024)
2
Guess the Artist- 70s Songs
3
7-to-1: Billboard Hot 100 #1 Hits of 2010s
4
Sorting Albums and Songs
5
Taylor Swift Logic Puzzle
6
KPOP LOGIC QUIZ
7
Guess the Taylor Swift song (Mystery Song)
8
One Thing in Common: Music
9
2010s Album by Cover III
10
Guess The Taylor Swift Lyrics Song #1
Explore More
Trending Topics
NBA
Marvel
Harry Potter
Anime
Kpop
Crossword
Disney
Pokémon
Puzzle
Country
The Office
WWE
NFL
Song
Soccer
hide this ad
More By:
downunder
Quiz
Plays
Rating
Category
Featured
Created
Top Charting Musical Artists (1980s)
26,659
4.12
Music
Dec 1, 2013
'LES MISERABLES' QUIZ
18,201
2.35
Entertainment
Feb 7, 2013
GAME OF THRONES SEASON 1 QUIZ
10,430
3.86
Television
Dec 4, 2016
GAME OF THRONES SEASON 2 QUIZ
6,739
4.00
Television
Dec 6, 2016
GAME OF THRONES SEASON 3 QUIZ
5,355
4.75
Television
Dec 8, 2016
Go to Creator's Profile
Score Distribution
Quiz Creator Spotlight
downunder
Follow
Send a Message
Quizzes Created
-
Created Quiz Play Count
-
More By This Creator
Popular Quizzes Today
1
Find the US States - No Outlines Minefield
2
Find the Countries of Europe - No Outlines Minefield
3
The Countries of the World
4
Find the US States
5
Risky Map Clicking: Biggest States A-Z
6
US States
7
Popular People in 1961
8
Movies - When Are They Set?
More Music Quizzes
Travis Barker Bands
Quiz Lab
Trending Quizzes
Risky Map Clicking: Least Populous States A-Z
1-10 Letter G Words
1-10 Letter F Words
Risky Map Clicking: Next State Alphabetically
Risky Map Clicking: Biggest States A-Z
Recently Updated
Leaping Animals
pecheneg
Reality TV Shows (A-Z)
bhenderson79
Rickey Henderson's Hall of Fame Teammates
pecheneg
Champions League XIs: Arsenal
pecheneg
Quick Pick: Celebrities in WWE's Hall of Fame
aduchscher
A-Z Keypad Blitz II
pecheneg
Multiple Oscar Actors
pecheneg
Mystery Phrase Blitz: Oscar 'Best Actors'
pecheneg
F. Scott Fitzgerald Novels
LTH
Pick 3 Villains
ddd62291
Trending Topics
Crossword
Anime
Marvel
Kpop
Disney
NBA
Harry Potter
WWE
Song
Country
The Office
Pokémon
NFL
Puzzle
Soccer
Your Account Isn't Verified!
In order to create a playlist on Sporcle, you need to verify the email address you used during registration. Go to your
Sporcle Settings
to finish the process.
Report this User
Report this user for behavior that violates our
Community Guidelines
.
Details:
Send Report
Go to the Sporcle.com Mobile Site →
Comments